000 00285nam a2200109Ia 4500
001 1264779
005 20260417141952.0
008 260417s9999 xx 000 0 und d
020 _a9786051859460
245 0 _aFahim Bey ve Biz
_cAbdülhak Şinasi Hisar
260 _bEverest Yayınları
999 _c1264779
_d1264779